Vishnu dharmottara mahapuranam: Prathama khanda bhaga 1 (Record no. 143214)

MARC details
000 -LEADER
fixed length control field 00932nam a2200301Ia 4500
003 - CONTROL NUMBER IDENTIFIER
control field OSt
005 - DATE AND TIME OF LATEST TRANSACTION
control field 20250806093414.0
008 - FIXED-LENGTH DATA ELEMENTS--GENERAL INFORMATION
fixed length control field 210210b1944 xxu||||| |||| 00| 0 eng d
040 ## - CATALOGING SOURCE
Transcribing agency AL
041 ## - LANGUAGE CODE
Language code of text/sound track or separate title Kannada
082 ## - DEWEY DECIMAL CLASSIFICATION NUMBER
Classification number 852/538
100 ## - MAIN ENTRY--PERSONAL NAME
Personal name VENKATARAMANA SHASTRI
Dates associated with a name ವೆಂಕಟರಮಣ ಶಾಸ್ತ್ರಿ tr
9 (RLIN) 234093
245 ## - TITLE STATEMENT
Title Vishnu dharmottara mahapuranam: Prathama khanda bhaga 1
Remainder of title ವಿಷ್ಣು ಧರ್ಮೋತ್ತರ ಮಹಾಪುರಾಣಂ: ಪ್ರಥಮ ಖಂಡ
260 ## - PUBLICATION, DISTRIBUTION, ETC.
Place of publication, distribution, etc. MaisUru
Name of publisher, distributor, etc. -
Date of publication, distribution, etc. 1944
440 ## - SERIES STATEMENT/ADDED ENTRY--TITLE
Title 1
9 (RLIN) 234094
650 ## - SUBJECT ADDED ENTRY--TOPICAL TERM
Topical term or geographic name entry element VishNu
9 (RLIN) 234095
650 ## - SUBJECT ADDED ENTRY--TOPICAL TERM
Topical term or geographic name entry element prathama
9 (RLIN) 234096
650 ## - SUBJECT ADDED ENTRY--TOPICAL TERM
Topical term or geographic name entry element mahapuraNam:
9 (RLIN) 234097
650 ## - SUBJECT ADDED ENTRY--TOPICAL TERM
Topical term or geographic name entry element mahapuranam
9 (RLIN) 234098
650 ## - SUBJECT ADDED ENTRY--TOPICAL TERM
Topical term or geographic name entry element khanDa
9 (RLIN) 234099
650 ## - SUBJECT ADDED ENTRY--TOPICAL TERM
Topical term or geographic name entry element khan
9 (RLIN) 234100
650 ## - SUBJECT ADDED ENTRY--TOPICAL TERM
Topical term or geographic name entry element dharmottara
9 (RLIN) 234101
650 ## - SUBJECT ADDED ENTRY--TOPICAL TERM
Topical term or geographic name entry element bhaga
9 (RLIN) 234102
650 ## - SUBJECT ADDED ENTRY--TOPICAL TERM
Topical term or geographic name entry element 1
9 (RLIN) 234103
690 ## - LOCAL SUBJECT ADDED ENTRY--TOPICAL TERM (OCLC, RLIN)
Topical term or geographic name as entry element Kannada Prose
9 (RLIN) 234104
906 ## - LOCAL DATA ELEMENT F, LDF (RLIN)
a 019104
942 ## - ADDED ENTRY ELEMENTS (KOHA)
Source of classification or shelving scheme Dewey Decimal Classification
Koha item type Book
Holdings
Withdrawn status Lost status Source of classification or shelving scheme Damaged status Not for loan Collection code Home library Current library Shelving location Date acquired Cost, normal purchase price Total Checkouts Full call number Barcode Date last seen Price effective from Koha item type
    Dewey Decimal Classification     Kannada St Aloysius Library St Aloysius Library   02/17/2021 0.00   852/538 019104 02/17/2021 02/17/2021 Book